000 00715nam a22002657a 4500
001 12359202
003 OSt
005 20250901165808.0
008 010131s2000 tz 000 0 swa
010 _a 00379304
020 _a9976983018
035 _a(DLC) 00379304
040 _aDLC
_cDLC
042 _alcode
050 0 0 _aPL 8704 .K36 2000
100 1 _aKamugisha, Thomas A. R.
245 1 0 _aKitu kidogo tu! /
_cThomas A.R. Kamugisha.
260 _aDar es Salaam :
_bMPB Enterprises,
_cc2000.
300 _a114 p. ;
_c21 cm.
520 _aA novel.
546 _aIn Swahili.
906 _a7
_bcbc
_corigode
_d3
_encip
_f20
_gy-gencatlg
942 _2lcc
_cBK
999 _c9342
_d9342